Normal view
MARC view
- निपाणेकर व. सबनीस म. तांबोळी एस. झांबरे एस
Entry Personal Name
001 - CONTROL NUMBER
- control field: 216449
003 - CONTROL NUMBER IDENTIFIER
- control field: OSt
005 - DATE AND TIME OF LATEST TRANSACTION
- control field: 20260123115212.0
008 - FIXED-LENGTH DATA ELEMENTS
- fixed length control field: 260123|| aca||aabn | a|a d
040 ## - CATALOGING SOURCE
- Original cataloging agency: OSt
- Transcribing agency: OSt
100 ## - HEADING--PERSONAL NAME
- Personal name: निपाणेकर व. सबनीस म. तांबोळी एस. झांबरे एस
670 ## - SOURCE DATA FOUND
- Source citation: Work cat.: (OSt)370088: निपाणेकर व. सबनीस म. तांबोळी एस. झांबरे एस. , स्वातंत्र्यलढा :राष्ट्रीय कीर्तन व भारूड